Le Belize - Statistiques

Statistiques générales
  • Ce quiz a été pris 60 fois
  • Le résultat moyen est 9 sur 15
Statistiques - réponses
Question Réponse % Correct
et au sud : .... Mexique
91%
Les deux pays frontaliers du Belize sont : à l'est ... Guatemala
86%
Quelle est la langue officielle du pays ? anglais
84%
Le Belize est généralement considéré comme étant un paradis ..... fiscal
79%
Quelle est sa capitale ? Belmopan
77%
Sur quelle mer dispose-t-il d'une façade maritime ? ? mer des Caraïbes
77%
Quelle est sa devise monétaire ? dollar bélizien
74%
De quel pays est-il devenu indépendant len 1981 ? Royaume Uni
72%
Comment appelle-t-on ses habitants ? Béliziens
60%
En 2002, avec quel état a-t-il signé un accord bilatéral pour promouvoir le tourisme ? Cuba
47%
Quelle ancienne capitale du pays est la ville principale et son port ? Belize City
35%
Comment s'appelait autrefois ce pays ? Honduras britannique
32%
Sa dénomination actuelle provient du nom de l’ancienne capitale et du .....du même nom. fleuve
21%
A quelle organisation intergouvernementale composée de 53 États membres fait-il partie ? Commonwealth
18%
Quel nom portait l'ouragan qui a dévasté le pays en 2000 ? Keith
0%
Aucun quiz correspondant
Distribution des résultats
% des personnes avec chaque résultat
Percentile par nombre de réponses
Votre historique - résultats
Vous n’avez pas pris ce quiz